LIBRARY & INFORMATION CENTRE, KCAET, TAVANUR

ONLINE PUBLIC ACCESS CATALOGUE (OPAC)

Code of practice for construction of reinforced concrete shell, IS:2204-1962 (Record no. 4552)

MARC details
000 -LEADER
fixed length control field 00406cam a2200145ua 4500
041 ## - LANGUAGE CODE
Language code of text/sound track or separate title eng
082 ## - DEWEY DECIMAL CLASSIFICATION NUMBER
Classification number 690.244
Item number IND/CO
100 ## - MAIN ENTRY--AUTHOR NAME
Personal name Indian stantard institution , .
245 00 - TITLE STATEMENT
Title Code of practice for construction of reinforced concrete shell, IS:2204-1962
260 ## - PUBLICATION, DISTRIBUTION, ETC. (IMPRINT)
Place of publication New Delhi :
Name of publisher Indian Standards Institution ,
Year of publication 1984.
300 ## - PHYSICAL DESCRIPTION
Number of Pages 21 ; .
942 ## - ADDED ENTRY ELEMENTS (KOHA)
Koha item type Books
Holdings
Withdrawn status Lost status Damaged status Home library Current library Date acquired Full call number Accession Number Koha item type
      KAUAET KAUAET 07/04/2012 690.244 17112 Standards
free website counter